000 02273nam a2200265Ia 4500
005 20200814101220.0
008 130821s1753 sp a fr 1 spa
040 _aCo-BoUCM
_bspa
_cSandra Yazo
_dSandra Yazo
041 0 _alat
082 0 4 _a615.1
_220
092 _aE11N073
100 1 _aPalacios, Felix
_d1678-1737
_999750
245 1 0 _aPalestra pharmaceutica, chymico-galenica,
_bEn la qual se trata de la eleccion de los simples, sus preparaciones chymicas y galenicas, y de las mas selectas composiciones antiguas y modernas usuales tanto en Madrid, como en toda Europa ...
260 _aMadrid (España)
_bEn la imprenta de los herederos de la viuda de Juan García Infanzòn
_c1753
300 _a[22], 708, [30] páginas, [4] hojas de grabados
_bilustraciones
500 _aDetalles físicos: Encuadernación en pergamino, en regular estado de conservación. Bordes de las pastas desgastados. Tiene portada en una sola tinta enmarcada en orla decorativa. Dedicatoria. Tasación. Licencias y aprobaciones. Texto impreso en dos columnas con varios tipos y tamaños de letra. Explicación de las láminas e ilustraciones entre el texto
505 2 _aDiscurso a la farmacia ; La farmacia en general, su división y su objeto ; Reino animal ; Reino Vegetal ; Reino mineral ; Reino animal ; Preparación general de los fármacos: Trituración, limación, extracción, loción y humectación ; Disolución, solución, liquidación, infusión, fermentación, cocción, despumación, clarificación, conservación y aromatización, coloración, ablandar, endurecer, evaporar y cristalizar ; Destilación ; Calcinación -- División de los instrumentos farmacológicos
506 _aConsulta en sala
650 7 _aFarmacología
_xObras anteriores a 1800
_915577
650 7 _aMedicamentos
_xHistoria
_xObras anteriores a 1800
_919122
650 7 _aQuímica farmacéutica
_xObras anteriores a 1800
_922990
690 _aMedicina
_97820
856 4 1 _zDisponible en línea
_uhttps://books.google.com.co/books?id=it8WqobFgAwC&printsec=frontcover&dq=Palestra+pharmaceutica,+chymico-galenica+1753&hl=es&sa=X&ved=0ahUKEwiDj5DA7tvnAhXFl-AKHSxtBQkQ6AEIKTAA#v=onepage&q=Palestra%20pharmaceutica%2C%20chymico-galenica%201753&f=false
942 _cLIBRO
_a15
_e1
_2LOCAL
_hE11N073
999 _c74368
_d74368